[Event "III Open"]
[Site "Locri ITA"]
[Date "2015.07.15"]
[Round "4"]
[White "Tricomi, Massimo"]
[Black "Rocchetti, Marco"]
[WhiteElo "1930"]
[BlackElo "1852"]
[Result "0-1"]
[PlyCount "74"]
[EventDate "2015.07.13"]

1. Nf3 d5 2. d4 Nf6 3. c4 e6 4. cxd5 exd5 5. Bg5 Be7 6. Qc2 c6 7. e3 Bg4 8.
Nbd2 Nbd7 9. Bd3 Bh5 10. O-O Bg6 11. Rab1 Bxd3 12. Qxd3 O-O 13. b4 a6 14. a4
Ne4 15. Bxe7 Qxe7 16. b5 cxb5 17. axb5 Nxd2 18. Nxd2 a5 19. Qb3 Qd6 20. Rfc1
Rfc8 21. Rc3 Nb6 22. Rbc1 Rxc3 23. Qxc3 a4 24. Qc5 Qd8 25. Qa3 g6 26. Rc5 Qd7
27. g3 Ra5 28. Qb4 Ra8 29. Nb1 h5 30. Kg2 Qf5 31. h4 Qe4+ 32. Kg1 Nc4 33. Nc3
Qc2 34. Rxd5 Nd2 35. Nxa4 Qd1+ 36. Kh2 Qe1 37. Kg2 Qf1+ 0-1

[Event "III Open"]
[Site "Locri ITA"]
[Date "2015.07.15"]
[Round "4"]
[White "Varvaglione, Antonio"]
[Black "Familari, Giuseppe"]
[WhiteElo "2202"]
[BlackElo "1973"]
[Result "1-0"]
[PlyCount "87"]
[EventDate "2015.07.13"]

1. e4 e6 2. d3 b6 3. Nf3 Bb7 4. g3 Nf6 5. Bg2 d5 6. Nbd2 c5 7. O-O Be7 8. Qe2
Nc6 9. c3 Qc7 10. Re1 O-O 11. e5 Nd7 12. h4 Rfe8 13. Nf1 f6 14. d4 cxd4 15.
cxd4 fxe5 16. dxe5 Nb4 17. Nd4 Bc5 18. Nb5 Qb8 19. a3 Nc6 20. b4 Bf8 21. Bb2
Ba6 22. f4 Qb7 23. Ne3 Bxb5 24. Qxb5 a6 25. Qd3 b5 26. Nxd5 Rad8 27. Qb3 Ndxe5
28. fxe5 exd5 29. Bxd5+ Kh8 30. Rad1 Qb6+ 31. Qe3 Qxe3+ 32. Rxe3 Ne7 33. Red3
Rxd5 34. Rxd5 Nxd5 35. Rxd5 Kg8 36. Rd7 g6 37. Kg2 Bg7 38. Rd5 Rc8 39. Kf3 Rc2
40. e6 Rc8 41. e7 Re8 42. Rd8 Bxb2 43. Rxe8+ Kf7 44. Ra8 1-0

[Event "III Open"]
[Site "Locri ITA"]
[Date "2015.07.16"]
[Round "5"]
[White "Cordi', Domenico"]
[Black "Mollace, Ruggero"]
[WhiteElo "2037"]
[BlackElo "1763"]
[Result "1/2-1/2"]
[PlyCount "115"]
[EventDate "2015.07.13"]

1. d4 d5 2. c4 c6 3. Nc3 Nf6 4. Nf3 dxc4 5. a4 Bf5 6. e3 h6 7. Bxc4 e6 8. O-O
Nbd7 9. Bd3 Bxd3 10. Qxd3 Nd5 11. e4 Nxc3 12. bxc3 Nf6 13. Bf4 Be7 14. Rab1 Qc8
15. Rb3 O-O 16. Rfb1 b6 17. h3 Rd8 18. c4 Nh5 19. Bh2 Nf6 20. e5 Nd7 21. Qe4
Nf8 22. Bf4 Ng6 23. Be3 c5 24. d5 Qb7 25. Rd3 Rd7 26. Rbd1 Rad8 27. Ne1 Bf8 28.
f3 Ne7 29. dxe6 Qxe4 30. fxe4 Rxd3 31. Rxd3 Rxd3 32. exf7+ Kxf7 33. Nxd3 Nc6
34. Bd2 Nb4 35. Nf4 g5 36. e6+ Kf6 37. Bc3+ Ke7 38. Ng6+ Ke8 39. Kf2 Nc6 40.
Kf3 Nd8 41. Nxf8 Kxf8 42. Bg7+ Ke7 43. Bxh6 Nxe6 44. Bxg5+ Nxg5+ 45. Kf4 Nf7
46. h4 Nd6 47. h5 Nxc4 48. g4 Kf6 49. g5+ Kg7 50. e5 a6 51. Kf5 Ne3+ 52. Ke4
Nc4 53. Kd5 Ne3+ 54. Ke4 Nc4 55. e6 Nd6+ 56. Ke5 Ne8 57. e7 c4 58. Kd4 1/2-1/2

[Event "III Open"]
[Site "Locri ITA"]
[Date "2015.07.16"]
[Round "5"]
[White "Familari, Giuseppe"]
[Black "Cartella, Giovanni"]
[WhiteElo "1973"]
[BlackElo "1817"]
[Result "1-0"]
[PlyCount "49"]
[EventDate "2015.07.13"]

1. e4 c5 2. c3 d5 3. exd5 Qxd5 4. d4 Nf6 5. Nf3 e6 6. Be2 cxd4 7. cxd4 Bb4+ 8.
Nc3 Ne4 9. Qc2 O-O 10. O-O Nxc3 11. bxc3 Be7 12. Rb1 h6 13. Rb5 Qd8 14. Re1 Nd7
15. Bd3 Nf6 16. Ne5 a6 17. Rb3 Qc7 18. Re3 Nd5 19. Rg3 Bf6 20. Bxh6 Bxe5 21.
dxe5 Qxe5 22. Bh7+ Kh8 23. Bxg7+ Qxg7 24. Rxg7 Kxg7 25. c4 1-0

[Event "III Open"]
[Site "Locri ITA"]
[Date "2015.07.16"]
[Round "5"]
[White "Femia, Diego"]
[Black "Familari, Simone"]
[WhiteElo "1365"]
[BlackElo "1485"]
[Result "1-0"]
[PlyCount "133"]
[EventDate "2015.07.13"]

1. e4 c5 2. Nf3 d6 3. Nc3 Nc6 4. Be2 Bg4 5. O-O e6 6. d4 Bxf3 7. Bxf3 Nxd4 8.
Be3 Nc6 9. Qd2 Nf6 10. Bg5 h6 11. Bxf6 Qxf6 12. Nb5 Qd8 13. Rfd1 Nd4 14. Nxd4
cxd4 15. Qxd4 Be7 16. c3 O-O 17. Re1 b6 18. c4 Rc8 19. Be2 Qd7 20. Qd2 Rfd8 21.
Red1 Qb7 22. Qc2 d5 23. exd5 exd5 24. Bf3 Bf6 25. Rab1 Be5 26. b3 a6 27. Qe2
Bb8 28. Rxd5 Qc7 29. Rxd8+ Rxd8 30. g3 Qc5 31. b4 Qd4 32. Rd1 Qf6 33. Rxd8+
Qxd8 34. Bb7 a5 35. b5 Kh7 36. Be4+ g6 37. Qd3 Qxd3 38. Bxd3 f5 39. Kg2 Kg7 40.
Kf3 Kf6 41. Ke3 g5 42. Kd4 Bc7 43. c5 h5 44. f3 f4 45. gxf4 Bxf4 46. h3 g4 47.
fxg4 bxc5+ 48. Kxc5 hxg4 49. hxg4 Kg5 50. Be2 Kf6 51. Kb6 a4 52. Ka5 a3 53. Ka4
Bd6 54. b6 Be7 55. Kb5 Ke6 56. Kc6 Bd6 57. g5 Be5 58. g6 Kf6 59. Bd3 Kg7 60. b7
Bf4 61. Kb6 Be5 62. Ka7 Bd6 63. b8=Q Bxb8+ 64. Kxb8 Kf8 65. Kb7 Kg7 66. Ka6 Kf6
67. Ka5 1-0

[Event "III Open"]
[Site "Locri ITA"]
[Date "2015.07.16"]
[Round "5"]
[White "Lazic, Miroljub"]
[Black "Rotstein, Arkadij"]
[WhiteElo "2466"]
[BlackElo "2502"]
[Result "1/2-1/2"]
[PlyCount "23"]
[EventDate "2015.07.13"]

1. e4 c6 2. d4 d5 3. exd5 cxd5 4. Bd3 Nc6 5. c3 Nf6 6. Bf4 Bg4 7. Qb3 Qb6 8.
Nd2 e6 9. Ngf3 Qxb3 10. axb3 Bxf3 11. Nxf3 Rc8 12. O-O 1/2-1/2

[Event "III Open"]
[Site "Locri ITA"]
[Date "2015.07.16"]
[Round "5"]
[White "Maduranga, Thushara"]
[Black "Tricomi, Massimo"]
[WhiteElo "1720"]
[BlackElo "1930"]
[Result "0-1"]
[PlyCount "86"]
[EventDate "2015.07.13"]

1. e4 e6 2. Nf3 b6 3. Be2 Bb7 4. d3 c5 5. O-O Nc6 6. c3 Nf6 7. Bg5 Be7 8. Nbd2
d5 9. d4 Nxe4 10. Bxe7 Qxe7 11. Bb5 Nxd2 12. Qxd2 O-O 13. Rfe1 cxd4 14. Bxc6
Bxc6 15. Qxd4 Rac8 16. Re3 Bb7 17. Rae1 Rc4 18. Qe5 Qc7 19. Qh5 Qf4 20. Nd4 g6
21. Qh3 Bc8 22. Re5 Rxd4 23. cxd4 Qxd4 24. b3 f6 25. R5e3 e5 26. Qg3 Qb4 27. h4
d4 28. Re4 Bf5 29. a3 Qxa3 30. h5 Bxe4 31. Rxe4 Qc1+ 32. Kh2 g5 33. h6 Qc2 34.
Rxe5 fxe5 35. Qxe5 Qg6 36. Qd5+ Kh8 37. Qxd4+ Qf6 38. Qe3 Qf4+ 39. Qxf4 Rxf4
40. Kh3 Rxf2 41. g3 Rf3 42. Kg4 Rxb3 43. Kh3 a5 0-1

[Event "III Open"]
[Site "Locri ITA"]
[Date "2015.07.16"]
[Round "5"]
[White "Manti, Elisa"]
[Black "Mercuri, Delia"]
[WhiteElo "1481"]
[BlackElo "1556"]
[Result "0-1"]
[PlyCount "71"]
[EventDate "2015.07.13"]

1. e4 e6 2. d4 d5 3. e5 c5 4. c3 cxd4 5. cxd4 Qb6 6. Nf3 Ne7 7. Bd3 Bd7 8. Nc3
Ng6 9. a3 Be7 10. h3 O-O 11. h4 Nc6 12. h5 Nh8 13. Bc2 f5 14. Qd3 Qa6 15. Qd2
h6 16. Rh3 Nf7 17. Qd1 Qb6 18. Rg3 Ng5 19. Bxg5 Bxg5 20. Na4 Qa5+ 21. b4 Qc7
22. Nxg5 hxg5 23. Rxg5 Qd8 24. f4 b6 25. h6 Rf7 26. Qh5 Qe8 27. O-O-O Re7 28.
Qh4 Nxd4 29. Rh1 g6 30. Qh5 Kh7 31. Rxg6 Qxg6 32. Qg5 Qxg5 33. fxg5 Nxc2 34.
g6+ Kxg6 35. Kxc2 Bxa4+ 36. Kd3 0-1

[Event "III Open"]
[Site "Locri ITA"]
[Date "2015.07.16"]
[Round "5"]
[White "Naumkin, Igor"]
[Black "Varvaglione, Antonio"]
[WhiteElo "2437"]
[BlackElo "2202"]
[Result "1/2-1/2"]
[PlyCount "91"]
[EventDate "2015.07.13"]

1. d4 Nf6 2. c4 c5 3. d5 b5 4. cxb5 a6 5. b6 e6 6. Nc3 exd5 7. Nxd5 Nxd5 8.
Qxd5 Nc6 9. Nf3 Rb8 10. e4 Be7 11. Bc4 O-O 12. O-O Rxb6 13. b3 d6 14. Qh5 Be6
15. Ng5 Bxg5 16. Bxg5 Qe8 17. Be2 Nd4 18. Bd3 f6 19. Qxe8 Rxe8 20. Bd2 Nc6 21.
Rfd1 a5 22. f3 Ra8 23. Bf4 Nd4 24. Bf1 a4 25. b4 g5 26. Bg3 h5 27. h4 gxh4 28.
bxc5 dxc5 29. Bxh4 Kf7 30. Rac1 Bxa2 31. Rxc5 Rd6 32. Rc7+ Kg8 33. Rdc1 Bb3 34.
Rb7 Kh8 35. Rc5 a3 36. Rxh5+ Kg8 37. e5 a2 38. Bxf6 Rxf6 39. exf6 Bf7 40. Rg5+
Kf8 41. Rg7 a1=Q 42. Rgxf7+ Kg8 43. Rg7+ Kf8 44. Rbf7+ Ke8 45. Re7+ Kf8 46.
Rgf7+ 1/2-1/2

[Event "III Open"]
[Site "Locri ITA"]
[Date "2015.07.16"]
[Round "5"]
[White "Rocchetti, Marco"]
[Black "Mrdja, Milan"]
[WhiteElo "1852"]
[BlackElo "2360"]
[Result "0-1"]
[PlyCount "90"]
[EventDate "2015.07.13"]

1. d4 g6 2. Nf3 Bg7 3. Bf4 d6 4. e3 Nd7 5. Be2 e5 6. Bg5 f6 7. Bh4 Nh6 8. dxe5
dxe5 9. e4 Qe7 10. c3 Nf7 11. Nbd2 O-O 12. Bc4 Kh8 13. O-O Nd6 14. Bb3 Rd8 15.
Qe2 Nc5 16. Bc2 b6 17. b4 Ba6 18. c4 Ne6 19. Bg3 Nf7 20. b5 Bb7 21. Nb3 a5 22.
a4 Bh6 23. Rfd1 Kg8 24. Nfd2 Qb4 25. Nf1 Rxd1 26. Rxd1 Rd8 27. Rxd8+ Nexd8 28.
f3 Ne6 29. Bd1 Nd6 30. Nbd2 Qc3 31. Nb1 Qb4 32. Nbd2 Nc5 33. Be1 Ne6 34. g3 Bc8
35. Ne3 Nd4 36. Qd3 Bxe3+ 37. Qxe3 Nxc4 38. Nxc4 Qxc4 39. Kg2 Be6 40. Bf2 Bh3+
41. Kxh3 Qf1+ 42. Kh4 Qxd1 43. Qc3 Qxf3 44. Qxf3 Nxf3+ 45. Kh3 Nd2 0-1

[Event "III Open"]
[Site "Locri ITA"]
[Date "2015.07.16"]
[Round "5"]
[White "Romeo, Giovanni M."]
[Black "Nobile, Stefano"]
[WhiteElo "1479"]
[BlackElo "1819"]
[Result "0-1"]
[PlyCount "94"]
[EventDate "2015.07.13"]

1. e4 d6 2. d4 Nf6 3. Nc3 e5 4. dxe5 dxe5 5. Qxd8+ Kxd8 6. Bg5 c6 7. Nf3 Nbd7
8. O-O-O Ke8 9. Be2 Bc5 10. Rhf1 b5 11. h3 a5 12. Bxf6 gxf6 13. Nh4 Nb6 14. Nf5
Bxf5 15. exf5 Rd8 16. Rxd8+ Kxd8 17. Ne4 Be7 18. Bh5 Ke8 19. f4 Nc4 20. fxe5
Nxe5 21. Rd1 Rg8 22. g4 h6 23. Kb1 Rf8 24. b3 Nd7 25. Nd6+ Bxd6 26. Rxd6 c5 27.
Ra6 Ke7 28. Rxa5 b4 29. Rb5 Ra8 30. Rb7 Rd8 31. Kb2 Kf8 32. a4 Ne5 33. a5 Ra8
34. Rb5 c4 35. Rxb4 cxb3 36. Kxb3 Rxa5 37. Rb6 Ke7 38. Kb4 Ra1 39. Kc3 Rh1 40.
Rb7+ Kf8 41. Rb8+ Kg7 42. Kd4 Nc6+ 43. Kd5 Nxb8 44. c4 Rxh3 45. c5 Rd3+ 46. Kc4
Rd1 47. Kb5 Rb1+ 0-1

[Event "III Open"]
[Site "Locri ITA"]
[Date "2015.07.16"]
[Round "5"]
[White "Strangio, Giuseppe"]
[Black "Paragliola, Gennaro"]
[WhiteElo "1468"]
[BlackElo "1495"]
[Result "0-1"]
[PlyCount "89"]
[EventDate "2015.07.13"]

1. e4 d6 2. d4 g6 3. Nc3 Bg7 4. Be3 Nf6 5. f3 O-O 6. Qd2 Re8 7. O-O-O Nbd7 8.
Kb1 e5 9. Bc4 Nb6 10. Bb3 exd4 11. Bxd4 Be6 12. Bxe6 fxe6 13. Nge2 e5 14. Be3
Qe7 15. Bh6 Bh8 16. Rdg1 Qe6 17. g4 Qc4 18. h4 Qb4 19. a3 Nc4 20. Qc1 Nxa3+ 21.
Ka1 Nc4 22. h5 Kf7 23. hxg6+ hxg6 24. Bg5 a5 25. b3 Nb6 26. Na2 Qc5 27. Be3 Qc6
28. Kb2 a4 29. Nac3 axb3 30. cxb3 d5 31. exd5 Nbxd5 32. Nxd5 Qxc1+ 33. Rxc1
Nxd5 34. Rh7+ Ke6 35. Bc5 b6 36. Ba3 e4+ 37. Rxh8 Rxh8 38. fxe4 Nf6 39. Nf4+
Kd7 40. Bb4 c5 41. Bc3 Rh2+ 42. Kb1 Nxe4 43. Nxg6 Nxc3+ 44. Rxc3 Re8 45. Rg3
0-1

[Event "III Open"]
[Site "Locri ITA"]
[Date "2015.07.16"]
[Round "5"]
[White "Strebkovs, Andrejs"]
[Black "Iannello, Andrea"]
[WhiteElo "2356"]
[BlackElo "1985"]
[Result "1/2-1/2"]
[PlyCount "81"]
[EventDate "2015.07.13"]

1. Nf3 Nf6 2. c4 c5 3. g3 Nc6 4. Nc3 g6 5. Bg2 d5 6. cxd5 Nxd5 7. Qb3 Nc7 8. h4
Bg7 9. d3 Ne6 10. Ng5 Qb6 11. Qxb6 axb6 12. Nd5 Ncd4 13. Kd1 Ra6 14. Rb1 h6 15.
Ne4 Rxa2 16. Nxb6 O-O 17. Nc3 Ra7 18. e3 Nc6 19. Bd2 Ra6 20. Nxc8 Rxc8 21. Ke2
Rd8 22. h5 g5 23. Be4 Nb4 24. Rhd1 Rad6 25. Nb5 Rb6 26. Na3 Nc6 27. Nc4 Rb3 28.
Be1 Ne5 29. Na5 Rb5 30. f4 gxf4 31. gxf4 Nd7 32. b3 Ra8 33. Nc4 Ra2+ 34. Rd2
Ra7 35. Kd1 Nb6 36. Ne5 Ra3 37. Bxb7 Na4 38. Bc6 Nc3+ 39. Kc2 Nxb1 40. Bxb5
Nxd2 41. Bxd2 1/2-1/2

[Event "III Open"]
[Site "Locri ITA"]
[Date "2015.07.17"]
[Round "6"]
[White "Cartella, Giovanni"]
[Black "Femia, Diego"]
[WhiteElo "1817"]
[BlackElo "1365"]
[Result "1-0"]
[PlyCount "31"]
[EventDate "2015.07.13"]

1. d4 d5 2. Nf3 e6 3. Bg5 Be7 4. h4 Nc6 5. e3 Nf6 6. c3 Ne4 7. Bf4 Bd6 8. Ne5
Bd7 9. Qg4 Bf8 10. Bd3 f5 11. Qe2 Bd6 12. Bxe4 dxe4 13. Qh5+ g6 14. Nxg6 hxg6
15. Qxh8+ Ke7 16. Bg5+ 1-0

[Event "III Open"]
[Site "Locri ITA"]
[Date "2015.07.17"]
[Round "6"]
[White "Cordi', Domenico"]
[Black "Maduranga, Thushara"]
[WhiteElo "2037"]
[BlackElo "1720"]
[Result "1-0"]
[PlyCount "32"]
[EventDate "2015.07.13"]

1. d4 Nf6 2. Nf3 d6 3. c4 g6 4. g3 Bg7 5. Bg2 O-O 6. Nc3 c6 7. O-O Nbd7 8. Qc2
Nh5 9. e4 f5 10. exf5 Qe8 11. fxg6 Qxg6 12. Qxg6 hxg6 13. Be3 Nb6 14. Nd2 Rf7
15. b3 Rf8 16. Nde4 Bf5 1-0

[Event "III Open"]
[Site "Locri ITA"]
[Date "2015.07.17"]
[Round "6"]
[White "Drasko, Milan"]
[Black "Iannello, Andrea"]
[WhiteElo "2437"]
[BlackElo "1985"]
[Result "1-0"]
[PlyCount "103"]
[EventDate "2015.07.13"]

1. Nf3 Nf6 2. g3 d5 3. Bg2 c6 4. O-O h6 5. d3 Bf5 6. c4 e6 7. Be3 dxc4 8. dxc4
Qxd1 9. Rxd1 Nbd7 10. Nc3 Ng4 11. Bd2 Bc5 12. Be1 Nb6 13. e4 Bh7 14. h3 Nf6 15.
Ne5 Ke7 16. Nd3 Bd4 17. Ne2 Rhd8 18. Bb4+ Ke8 19. e5 Bxd3 20. Nxd4 Rxd4 21.
exf6 gxf6 22. b3 Rd7 23. Bc3 Bc2 24. Rdc1 Bg6 25. Bxf6 Rd2 26. Bc3 Rd7 27. g4
f5 28. a4 fxg4 29. hxg4 h5 30. Re1 Kf7 31. a5 Nc8 32. gxh5 Bxh5 33. Bh3 Re7 34.
Re5 Bf3 35. Rae1 Nd6 36. Bxe6+ Kg6 37. R5e3 Rf8 38. Bh3 Rxe3 39. Rxe3 Ne4 40.
Be1 Ng5 41. Bg2 b6 42. a6 Kh5 43. Kf1 Bd1 44. Bxc6 Nf3 45. Rd3 Ne5 46. Rd5 Rf5
47. Be8+ Kg4 48. Rxd1 Kf3 49. Bc3 Ng4 50. Bc6+ Kf4 51. Rd4+ Kg5 52. Rxg4+ 1-0

[Event "III Open"]
[Site "Locri ITA"]
[Date "2015.07.17"]
[Round "6"]
[White "Familari, Simone"]
[Black "Paragliola, Gennaro"]
[WhiteElo "1485"]
[BlackElo "1495"]
[Result "1-0"]
[PlyCount "109"]
[EventDate "2015.07.13"]

1. e4 d6 2. d4 g6 3. Nc3 Bg7 4. f3 e5 5. Be3 f5 6. Qd2 f4 7. Bf2 Nc6 8. Nge2
Bd7 9. O-O-O Qf6 10. Nd5 Qd8 11. g3 fxg3 12. hxg3 h5 13. f4 Bh6 14. Be3 exd4
15. Nxd4 Nf6 16. Nc3 Qe7 17. Bc4 O-O-O 18. Qd3 Rde8 19. Rhe1 Nxe4 20. Nxe4 Qxe4
21. Qa3 a6 22. Bf2 Qg2 23. Rf1 h4 24. Ne2 Bg4 25. Rde1 Re4 26. Bd3 Re7 27. Qc3
Bg7 28. Qd2 h3 29. Be3 Bxe2 30. Qxe2 Qxe2 31. Rxe2 Rhe8 32. Kd2 Re6 33. f5 Rf6
34. Ref2 gxf5 35. Bxf5+ Kb8 36. Bxh3 Rxf2+ 37. Rxf2 Bxb2 38. g4 Ne5 39. Bh6 Rh8
40. Rf8+ Rxf8 41. Bxf8 Kc8 42. g5+ Kd8 43. Bh6 Ke7 44. Ke2 Ng6 45. Bf5 Kf7 46.
Kf3 Nh4+ 47. Kg4 Ng6 48. Bc8 b6 49. Bxa6 Bc1 50. Kh5 Nf4+ 51. Kg4 Kg6 52. Bc8
Nd5 53. Bf5+ Kf7 54. g6+ Kf6 55. Bxc1 1-0

[Event "III Open"]
[Site "Locri ITA"]
[Date "2015.07.17"]
[Round "6"]
[White "Mercuri, Delia"]
[Black "Romeo, Giovanni M."]
[WhiteElo "1556"]
[BlackElo "1479"]
[Result "0-1"]
[PlyCount "82"]
[EventDate "2015.07.13"]

1. e4 d6 2. d4 Nf6 3. Nc3 g6 4. Bg5 Bg7 5. Qd2 O-O 6. h3 Re8 7. Be2 b6 8. Nf3
Bb7 9. Bd3 c5 10. d5 Nbd7 11. O-O e6 12. Rfe1 Qc7 13. Nb5 Qb8 14. c4 a6 15. Nc3
e5 16. Bh6 Bh8 17. Rab1 a5 18. a4 Bc8 19. Nb5 Nh5 20. Ng5 Ndf6 21. f3 Bd7 22.
Bc2 Bxb5 23. axb5 Bg7 24. Bxg7 Kxg7 25. Kh2 h6 26. Nxf7 Kxf7 27. g4 Nf4 28. Rg1
g5 29. Qf2 a4 30. Ra1 Ra7 31. Ra3 Qa8 32. Rga1 Ree7 33. Bxa4 Nd3 34. Qd2 Nb4
35. b3 Kg7 36. Rh1 Rf7 37. Kg2 Qf8 38. Rha1 Ng8 39. Rf1 Rf6 40. h4 Rf4 41. h5
Raf7 0-1

[Event "III Open"]
[Site "Locri ITA"]
[Date "2015.07.17"]
[Round "6"]
[White "Mollace, Ruggero"]
[Black "Manti, Elisa"]
[WhiteElo "1763"]
[BlackElo "1481"]
[Result "0-1"]
[PlyCount "82"]
[EventDate "2015.07.13"]

1. e4 e5 2. Nf3 Nc6 3. Bb5 Nge7 4. O-O g6 5. d3 Bg7 6. Be3 O-O 7. Qd2 a6 8. Ba4
f5 9. Bh6 f4 10. Bxg7 Kxg7 11. d4 d6 12. dxe5 dxe5 13. Qc3 Qd6 14. Bb3 Bg4 15.
Nbd2 b5 16. a3 Rad8 17. h3 Bc8 18. Rad1 a5 19. Ba2 b4 20. Qb3 Rf6 21. Nc4 Qc5
22. Rxd8 Nxd8 23. Nfxe5 Be6 24. Nd3 Qg5 25. Ne1 Ndc6 26. Nf3 Qh5 27. Nh2 Nd4
28. Qd3 Nec6 29. f3 Qg5 30. Ng4 Rf8 31. axb4 Rd8 32. Qc3 h5 33. Nf2 Kh7 34. Kh2
Qg3+ 35. Kh1 g5 36. bxa5 g4 37. hxg4 hxg4 38. Nxg4 Bxg4 39. Qe1 Kg7 40. Qxg3
fxg3 41. fxg4 Rh8+ 0-1

[Event "III Open"]
[Site "Locri ITA"]
[Date "2015.07.17"]
[Round "6"]
[White "Nobile, Stefano"]
[Black "Naumkin, Igor"]
[WhiteElo "1819"]
[BlackElo "2437"]
[Result "0-1"]
[PlyCount "78"]
[EventDate "2015.07.13"]

1. g3 d5 2. Nf3 c5 3. Bg2 Nc6 4. d3 e5 5. O-O Nf6 6. Nbd2 Be7 7. e4 O-O 8. Re1
d4 9. Nc4 Nd7 10. a4 b6 11. h4 a6 12. Bh3 Qc7 13. Bg5 Re8 14. h5 Bf8 15. Kg2
Rb8 16. b3 b5 17. Ncd2 Nb6 18. g4 bxa4 19. bxa4 a5 20. Nc4 Nxc4 21. dxc4 Rb4
22. Qd3 Ba6 23. Nd2 Be7 24. Bxe7 Qxe7 25. c3 dxc3 26. Qxc3 Nd4 27. Reb1 Ne2 28.
Qe3 Nf4+ 29. Kh2 Rd8 30. Rxb4 cxb4 31. Bf1 Qh4+ 32. Kg1 Qxg4+ 33. Qg3 Qxg3+ 34.
fxg3 Rxd2 35. gxf4 exf4 36. e5 Kf8 37. Bg2 b3 38. Bd5 b2 39. Rf1 Rxd5 0-1

[Event "III Open"]
[Site "Locri ITA"]
[Date "2015.07.17"]
[Round "6"]
[White "Rocchetti, Marco"]
[Black "Familari, Giuseppe"]
[WhiteElo "1852"]
[BlackElo "1973"]
[Result "0-1"]
[PlyCount "104"]
[EventDate "2015.07.13"]

1. d4 d5 2. Nf3 Nf6 3. Bf4 g6 4. e3 Bg7 5. h3 O-O 6. Be2 b6 7. Nbd2 Bb7 8. O-O
Nbd7 9. c3 c5 10. Re1 Re8 11. Ne5 Nxe5 12. Bxe5 Ne4 13. Bxg7 Kxg7 14. f4 e6 15.
Nxe4 dxe4 16. g3 Qc7 17. dxc5 bxc5 18. Bc4 Red8 19. Qe2 Rd6 20. Red1 Rad8 21.
Kf2 e5 22. Rxd6 Qxd6 23. Ke1 exf4 24. gxf4 Qf6 25. Qg4 Bc8 26. Qg3 Qd6 27. Qg2
Qe7 28. Qg3 Qd7 29. h4 Qd2+ 30. Kf1 Qxb2 31. Re1 Qxc3 32. Be2 Rd2 33. h5 Qb2
34. Qh4 f6 35. h6+ Kf7 36. f5 Bxf5 37. Qf4 Qe5 38. Qxe5 fxe5 39. Rc1 Kf6 40.
Rxc5 Kg5 41. Ra5 Rd7 42. Rxe5 Kxh6 43. Ra5 Kg5 44. Kf2 h5 45. Rb5 Rd2 46. a4 h4
47. Ke1 Rd7 48. Rb8 Rh7 49. Kf2 h3 50. Rb1 Rc7 51. Kg3 Rc2 52. Re1 Ra2 0-1

[Event "III Open"]
[Site "Locri ITA"]
[Date "2015.07.17"]
[Round "6"]
[White "Rotstein, Arkadij"]
[Black "Mrdja, Milan"]
[WhiteElo "2502"]
[BlackElo "2360"]
[Result "1-0"]
[PlyCount "43"]
[EventDate "2015.07.13"]

1. e4 g6 2. Nc3 Bg7 3. f4 c5 4. Nf3 Nc6 5. a3 d6 6. Bb5 Bd7 7. O-O Nd4 8. Bc4
e6 9. Nxd4 cxd4 10. Ne2 Ne7 11. d3 O-O 12. Qe1 Kh8 13. f5 exf5 14. Bg5 f6 15.
Bf4 fxe4 16. dxe4 f5 17. Bg5 Qe8 18. Qh4 Nc6 19. Bd5 d3 20. cxd3 Nd4 21. Nxd4
Bxd4+ 22. Kh1 1-0

[Event "III Open"]
[Site "Locri ITA"]
[Date "2015.07.17"]
[Round "6"]
[White "Strebkovs, Andrejs"]
[Black "Lazic, Miroljub"]
[WhiteElo "2356"]
[BlackElo "2466"]
[Result "1/2-1/2"]
[PlyCount "22"]
[EventDate "2015.07.13"]

1. d4 d6 2. c4 Nf6 3. Nc3 e5 4. dxe5 dxe5 5. Qxd8+ Kxd8 6. Bd2 Ke8 7. Nf3 Bd6
8. Be3 a6 9. a4 b6 10. Ng5 Rf8 11. f3 h6 1/2-1/2

[Event "III Open"]
[Site "Locri ITA"]
[Date "2015.07.17"]
[Round "6"]
[White "Varvaglione, Antonio"]
[Black "Laketic, Gojko"]
[WhiteElo "2202"]
[BlackElo "2422"]
[Result "1/2-1/2"]
[PlyCount "43"]
[EventDate "2015.07.13"]

1. e4 Nf6 2. e5 Nd5 3. d4 d6 4. c4 Nb6 5. exd6 cxd6 6. Nc3 g6 7. Be3 Bg7 8. Rc1
O-O 9. b3 Bf5 10. d5 e5 11. Nge2 h6 12. Ng3 Bd7 13. Qd2 Kh7 14. Nge4 Nc8 15. f4
f5 16. Nf2 exf4 17. Bxf4 Re8+ 18. Be2 Qe7 19. h4 Na6 20. Kf1 Nc5 21. g3 a5 22.
Kg2 1/2-1/2

[Event "III Open"]
[Site "Locri ITA"]
[Date "2015.07.17"]
[Round "7"]
[White "Drasko, Milan"]
[Black "Rotstein, Arkadij"]
[WhiteElo "2437"]
[BlackElo "2502"]
[Result "1/2-1/2"]
[PlyCount "24"]
[EventDate "2015.07.13"]

1. Nf3 Nf6 2. g3 d5 3. Bg2 c6 4. O-O Bg4 5. d4 e6 6. Nbd2 Nbd7 7. Re1 Be7 8. e4
O-O 9. c3 dxe4 10. Nxe4 Nxe4 11. Rxe4 Bxf3 12. Bxf3 Bg5 1/2-1/2

[Event "III Open"]
[Site "Locri ITA"]
[Date "2015.07.17"]
[Round "7"]
[White "Femia, Diego"]
[Black "Maduranga, Thushara"]
[WhiteElo "1365"]
[BlackElo "1720"]
[Result "0-1"]
[PlyCount "98"]
[EventDate "2015.07.13"]

1. e4 d6 2. d4 Nf6 3. Nc3 g6 4. e5 dxe5 5. dxe5 Qxd1+ 6. Nxd1 Nd5 7. c3 Bg7 8.
f4 O-O 9. Nf3 Nc6 10. Bb5 Nd8 11. g3 c6 12. Be2 f6 13. exf6 exf6 14. Ne3 Nxe3
15. Bxe3 Re8 16. Kf2 Nf7 17. Rae1 b5 18. Bc5 Bb7 19. Bd1 Nh6 20. Rxe8+ Rxe8 21.
Bxa7 Ra8 22. Bb3+ Kh8 23. Bc5 Bf8 24. Bxf8 Ng4+ 25. Kg2 Ne3+ 26. Kf2 Ng4+ 27.
Ke2 Rxf8 28. h3 Re8+ 29. Kd2 c5 30. Bd1 Nf2 31. Rh2 Rd8+ 32. Ke1 Nxd1 33. Rd2
Rxd2 34. Nxd2 Nxb2 35. Nb1 Bd5 36. Na3 b4 37. cxb4 Nd3+ 38. Kd2 Nxb4 39. Kc3
Nxa2+ 40. Kb2 Nb4 41. Kc3 Nc6 42. Nb1 Kg7 43. Nd2 Kf7 44. Nb3 Bxb3 45. Kxb3 Ke6
46. Kc4 Kd6 47. h4 Nd4 48. g4 f5 49. gxf5 Nxf5 0-1

[Event "III Open"]
[Site "Locri ITA"]
[Date "2015.07.17"]
[Round "7"]
[White "Iannello, Andrea"]
[Black "Nobile, Stefano"]
[WhiteElo "1985"]
[BlackElo "1819"]
[Result "1/2-1/2"]
[PlyCount "23"]
[EventDate "2015.07.13"]

1. e4 d6 2. d4 Nf6 3. Nc3 e5 4. Nf3 Nbd7 5. g4 g6 6. Rg1 c6 7. Be3 b5 8. dxe5
dxe5 9. Bd3 Qc7 10. g5 Nh5 11. Qd2 Bc5 12. Ne2 1/2-1/2

[Event "III Open"]
[Site "Locri ITA"]
[Date "2015.07.17"]
[Round "7"]
[White "Laketic, Gojko"]
[Black "Lazic, Miroljub"]
[WhiteElo "2422"]
[BlackElo "2466"]
[Result "1/2-1/2"]
[PlyCount "26"]
[EventDate "2015.07.13"]

1. d4 d5 2. c4 c6 3. Nf3 Nf6 4. cxd5 cxd5 5. Nc3 Nc6 6. Bf4 Bf5 7. e3 e6 8. Bd3
Bxd3 9. Qxd3 Bd6 10. Bxd6 Qxd6 11. O-O O-O 12. Rac1 Rfc8 13. Qe2 Qe7 1/2-1/2

[Event "III Open"]
[Site "Locri ITA"]
[Date "2015.07.17"]
[Round "7"]
[White "Manti, Elisa"]
[Black "Strangio, Giuseppe"]
[WhiteElo "1481"]
[BlackElo "1468"]
[Result "1-0"]
[PlyCount "79"]
[EventDate "2015.07.13"]

1. e4 c5 2. Nc3 Nc6 3. Bc4 Nf6 4. d3 e6 5. f4 d5 6. Bb3 Be7 7. h3 O-O 8. Nf3
Na5 9. Ne2 dxe4 10. Ne5 Nxb3 11. axb3 exd3 12. cxd3 Nd5 13. O-O b6 14. Qe1 Nb4
15. Qg3 Bb7 16. f5 Nc6 17. Kh1 Nxe5 18. Qxe5 Qd5 19. Qg3 exf5 20. Nc3 Qd6 21.
Qxd6 Bxd6 22. Rxf5 Rfe8 23. Bd2 Rad8 24. Rxa7 Bc8 25. Rfxf7 Be5 26. Rf3 Be6 27.
Rb7 Bd5 28. Nxd5 Rxd5 29. Re3 Rdd8 30. Rxb6 Bxb2 31. Rb5 Rxe3 32. Bxe3 Rxd3 33.
Bxc5 Rd1+ 34. Kh2 Be5+ 35. g3 Rd5 36. h4 Bd6 37. b4 h5 38. Ra5 Kh7 39. Bxd6
Rxd6 40. Rxh5+ 1-0

[Event "III Open"]
[Site "Locri ITA"]
[Date "2015.07.17"]
[Round "7"]
[White "Mollace, Ruggero"]
[Black "Familari, Simone"]
[WhiteElo "1763"]
[BlackElo "1485"]
[Result "1-0"]
[PlyCount "81"]
[EventDate "2015.07.13"]

1. e4 e5 2. Nf3 Nc6 3. Bb5 Nge7 4. d3 g6 5. Be3 Bg7 6. Qd2 O-O 7. Bh6 f5 8.
Bxg7 Kxg7 9. Nc3 f4 10. Bc4 d6 11. Nd5 Nxd5 12. Bxd5 g5 13. h3 Qf6 14. O-O-O b6
15. Bxc6 Rb8 16. Rdg1 Qe6 17. Bd5 Qd7 18. Nxg5 Kh8 19. Be6 Qe7 20. Bxc8 Qxg5
21. Be6 a5 22. Bb3 c5 23. g3 Rf6 24. gxf4 Qxf4 25. Qxf4 Rxf4 26. Rg2 Ra8 27.
Rhg1 Rff8 28. Bd5 Rad8 29. Rg5 h6 30. Rg6 Kh7 31. Rg7+ Kh8 32. Rb7 Rb8 33. Rxb8
Rxb8 34. Rg6 Kh7 35. Rxd6 b5 36. Re6 Rf8 37. Rxe5 Rxf2 38. Rf5 Rh2 39. Be6 Kg6
40. Rxc5 Kf6 41. Bg4 1-0